000 00342nam a2200133Ia 4500
005 20260326100038.0
008 260326s9999||||xx |||||||||||||| ||und||
100 _aO'Gorman, Thomas J.
245 0 _aFrank Lloyd Wright's Chicago /
_cThomas J. O'Gorman
260 _bThunder Bay Press
300 _a415 p.
650 _aARQUITECTOS
942 _cBK
999 _c6885
_d6885